| 000 | 01084nam1a22002291i 4500 | ||
|---|---|---|---|
| 001 | rc\610295 | ||
| 005 | 20240724000125.0 | ||
| 035 | _a(NLR Aleph) 005971376 | ||
| 090 |
_a6938846 _c6938846 |
||
| 100 | _a20031121d1986 u |0rusy50 ca | ||
| 101 | 0 | _arus | |
| 102 | _aRU | ||
| 105 | _ay ||||||||| | ||
| 200 | 1 |
_aIX симпозиум по проблеме избыточности в информационных системах, 3 июня - 8 июня 1986 года _eТез. докл. |
|
| 210 |
_aЛ. _cЛИАП _d1986 |
||
| 215 | _d20 | ||
| 300 | _aВ надзаг.: АН СССР. Науч. совет по комплекс. пробл. "Кибернетика". Науч. совет по пробл. "Статист. радиофизика", Минвуз РСФСР, Ленингр. ин-т авиац. приборостроения | ||
| 710 | 1 | 2 |
_aСимпозиум по проблеме избыточности в информ. системах _d9 _f1986 _eЛенинград |
| 801 | 0 |
_aRU _bNLR _gpsbo |
|
| 801 | 1 |
_aRU _bELAR _2rusmarc |
|
| 852 |
_aNLR _j87-3/9559 |
||
| 942 | _cBOOK | ||